[Event "Mittelrhein Verbandsliga-N 17/18"]
[Site "Nordrheinwestfalen"]
[Date "2018.02.25"]
[Round "8.3"]
[White "Kozhuharov, Veselin"]
[Black "Bayer, Udo"]
[Result "1/2-1/2"]
[WhiteElo "1757"]
[BlackElo "1923"]
[PlyCount "36"]
[EventDate "2017.09.10"]
[EventType "team-swiss"]
[EventRounds "11"]
[EventCountry "GER"]
[SourceTitle "EXT 2022"]
[Source "ChessBase"]
[SourceDate "2021.10.06"]
[SourceVersion "1"]
[SourceVersionDate "2021.10.06"]
[SourceQuality "1"]
[WhiteTeam "Gruenfeld"]
[BlackTeam "Hitdorf SV Springer"]
[WhiteTeamCountry "GER"]
[BlackTeamCountry "GER"]

1. e4 e5 2. Nf3 Nc6 3. d4 exd4 4. Bc4 Bb4+ 5. c3 dxc3 6. 0-0 Qf6 7. e5 Qg6 8. bxc3 Be7 9. Re1 Qh5 10. Qd5 Nd8 11. Na3 a6 12. Nd4 c6 13. Qe4 Qg6 14. Qe2 c5 15. Bd3 Qb6 16. Nc4 Qc7 17. Nf5 Kf8 18. Bf4 Ne6 1/2-1/2

[Event "Mittelrhein Verbandsliga-N 17/18"]
[Site "Nordrheinwestfalen"]
[Date "2017.10.22"]
[Round "3.3"]
[White "Schmitz, Manuela"]
[Black "Kozhuharov, Veselin"]
[Result "1/2-1/2"]
[WhiteElo "1896"]
[BlackElo "1757"]
[PlyCount "79"]
[EventDate "2017.09.10"]
[EventType "team-swiss"]
[EventRounds "11"]
[EventCountry "GER"]
[SourceTitle "EXT 2022"]
[Source "ChessBase"]
[SourceDate "2021.10.06"]
[SourceVersion "1"]
[SourceVersionDate "2021.10.06"]
[SourceQuality "1"]
[WhiteTeam "Eikamp Freibauer"]
[BlackTeam "Gruenfeld"]
[WhiteTeamCountry "GER"]
[BlackTeamCountry "GER"]

1. d4 Nf6 2. Nf3 g6 3. c4 Bg7 4. Nc3 d5 5. e3 0-0 6. Qb3 dxc4 7. Bxc4 a6 8. Ne5 e6 9. Be2 Nfd7 10. Nf3 c5 11. 0-0 b5 12. dxc5 Nxc5 13. Qc2 Qb6 14. b4 Ncd7 15. Bb2 Bb7 16. Rac1 Nc6 17. Qb3 Nf6 18. Rfd1 Rfd8 19. a3 Ne7 20. h3 Rxd1+ 21. Rxd1 Rc8 22. Rc1 Nfd5 23. Nxd5 Rxc1+ 24. Bxc1 Nxd5 25. Bb2 Bxb2 26. Qxb2 Qc6 27. Ne5 Qc3 28. Qxc3 Nxc3 29. Bd3 f6 30. Nd7 Kf7 31. Nc5 Bc8 32. Kf1 Nd5 33. Ke2 f5 34. Bc2 Ke7 35. h4 Kd6 36. Nb3 Bb7 37. g3 e5 38. Kd2 Nb6 39. Na5 Bc8 40. Bb3 1/2-1/2